[Event "Calabria Province-ch"]
[Site "Catanzaro"]
[Date "2006.06.03"]
[Round "3"]
[White "Mercuri, Delia"]
[Black "Taurino, Fabrizio"]
[Result "0-1"]
[WhiteElo "1433"]
[BlackElo "1580"]
[PlyCount "60"]
[EventDate "2006.06.02"]
[EventType "swiss"]
[EventRounds "6"]
[EventCountry "ITA"]
[SourceTitle "EXT 2024"]
[Source "ChessBase"]
[SourceDate "2023.10.10"]
[SourceVersion "1"]
[SourceVersionDate "2023.10.10"]
[SourceQuality "1"]

1. e4 c5 2. Nf3 d6 3. d4 cxd4 4. Nxd4 g6 5. Bb5+ Bd7 6. Bxd7+ Qxd7 7. 0-0 Bg7 8. Nc3 Nc6 9. Be3 Nf6 10. h3 0-0 11. f4 Rfe8 12. Qd2 e5 13. Ndb5 Red8 14. Rad1 Bf8 15. fxe5 Ne8 16. Bc5 Qe6 17. exd6 Rd7 18. Qf4 a6 19. Nd5 axb5 20. Nb6 Rxa2 21. Nxd7 Qxd7 22. e5 Ng7 23. Rb1 Ne6 24. Qf2 Nxc5 25. Qxc5 Na7 26. Qd5 Ra6 27. Rbd1 Nc8 28. Qxf7+ Qxf7 29. Rxf7 Kxf7 30. d7 Bc5+ 0-1